Exchange rate in transition /

Hlavní autor: Kočenda, Evžen, 1963-
Jazyk: Angličtina
Vydáno: Praha : CERGE, Charles University, 1998
Témata:
Fyzický popis: 93 s. : il. ; 21 cm
Knihy
Uloženo v:
LEADER 01396nam a22004212a 4500
001 001905433
003 CZ BrMZK
005 20240821132503.0
007 ta
008 240821s1998 xr a er 000 0 eng d
015 |a cnb001168793 
020 |a 80-86286-08-8  |q (brož.) 
035 |a (OCoLC)894842244 
040 |a ABA001  |b cze  |d BOA001 
043 |a e-xr--- 
045 |a x9x9 
072 7 |a 336.7  |x Finance  |2 Konspekt  |9 4 
080 |a 336.74:338.23  |2 MRF 
080 |a 336.748  |2 MRF 
080 |a 519.862  |2 MRF 
080 |a (437.3)  |2 MRF 
080 |a (048.8)  |2 MRF 
100 1 |a Kočenda, Evžen,  |d 1963-  |7 xx0003191  |4 aut 
245 1 0 |a Exchange rate in transition /  |c Evžen Kočenda 
260 |a Praha :  |b CERGE, Charles University,  |c 1998 
300 |a 93 s. :  |b il. ;  |c 21 cm 
504 |a Obsahuje bibliografii 
648 7 |a 1991-2000  |7 ch460587  |2 czenas 
648 4 |a 1991-1998 
650 0 7 |a měnová politika  |7 ph115398  |z Česko  |y 1991-2000  |2 czenas 
650 0 7 |a devizové kurzy  |7 ph114307  |z Česko  |y 1991-2000  |2 czenas 
650 0 7 |a ekonometrické modely  |7 ph119821  |2 czenas 
655 7 |a studie  |7 fd133597  |2 czenas 
910 |a BOA001  |b 2-1528.953 
928 9 |a Univerzita Karlova, Centrum pro ekonomický výzkum a postgraduální vzdělávání 
990 |a BK 
991 |b 202408 
996 6 |b 2610977468  |c 2-1528.953  |l MZK  |r Sklad / do 1 hodiny  |n 0  |p dar  |w 001974494  |u 000010  |a 1  |e BOA001  |j MZK50  |s P